000 00767nam0a22002531 4500
001 RU\NLR\A1SV\40935
005 20251203171251.9
035 _a(NLR Aleph) 009723235
090 _a9881189
_c9881189
100 _a20020207d1921 u y0rusy50 ca
101 0 _arus
102 _aRU
200 1 _aОсновы библиотечной техники
_fКург. уезд. отд. нар. образ.
210 _aКурган
_cЧелябин. Губсовнарх.
_d1921
215 _a56 с.
_d21 см
620 _dКурган
700 1 _aБортвин
_bН. Н.
_f1892-1943
_gНиколай Николаевич
_4070
801 0 _aRU
_bNLR
_c20020207
899 _aЧОУНБ
899 _aЧОУНБ
942 _cBOOK
980 _aNB
980 _aA1SV